<?xml version="1.0" encoding="UTF-8"?>
<record
    xmlns:xsi="http://www.w3.org/2001/XMLSchema-instance"
    xsi:schemaLocation="http://www.loc.gov/MARC21/slim http://www.loc.gov/standards/marcxml/schema/MARC21slim.xsd"
    xmlns="http://www.loc.gov/MARC21/slim">

  <leader>02381agaaa2200349   4500</leader>
  <controlfield tag="001">8282</controlfield>
  <controlfield tag="003">IT-RoPAU</controlfield>
  <controlfield tag="005">20220918181237.0</controlfield>
  <controlfield tag="007">d cvaizq</controlfield>
  <controlfield tag="008">50131s9999||||xx ||| |     ||   ||und||</controlfield>
  <datafield tag="040" ind1=" " ind2=" ">
    <subfield code="a">IT-RoPAU</subfield>
    <subfield code="c">IT-RoPAU</subfield>
  </datafield>
  <datafield tag="041" ind1=" " ind2=" ">
    <subfield code="a">ITALIANO</subfield>
  </datafield>
  <datafield tag="100" ind1=" " ind2=" ">
    <subfield code="a">Bunuel Luis</subfield>
    <subfield code="g">Codice regista SPICS: 8694</subfield>
    <subfield code="9">36748</subfield>
  </datafield>
  <datafield tag="130" ind1=" " ind2=" ">
    <subfield code="a">ANGELO STERMINATORE (L')</subfield>
    <subfield code="9">43641</subfield>
  </datafield>
  <datafield tag="240" ind1=" " ind2=" ">
    <subfield code="a">ANGEL EXTERMINADOR (EL)</subfield>
    <subfield code="g">T0206</subfield>
  </datafield>
  <datafield tag="245" ind1=" " ind2=" ">
    <subfield code="a">ANGELO STERMINATORE (L')</subfield>
    <subfield code="c">Prodotto da: Alatriste Gustavo -- Sceneggiatura: Alcoriza Luis Bunuel Luis -- Diretto da: Bunuel Luis</subfield>
    <subfield code="p">ANGELO STERMINATORE (L') (Rif. Codice opera principale : 48282)</subfield>
  </datafield>
  <datafield tag="246" ind1=" " ind2=" ">
    <subfield code="a">ANGEL EXTERMINADOR (EL)</subfield>
  </datafield>
  <datafield tag="250" ind1=" " ind2=" ">
    <subfield code="a">Edizione Standard</subfield>
  </datafield>
  <datafield tag="260" ind1=" " ind2=" ">
    <subfield code="a">MEXICO (MESSICO)</subfield>
    <subfield code="b">ALATRISTE GUSTAVO / Distribuzione: RAI</subfield>
    <subfield code="g">"1962 (1&#xB0; ed.: 2002 ; Ed. Lingua Orig.: 1962)"</subfield>
  </datafield>
  <datafield tag="300" ind1=" " ind2=" ">
    <subfield code="a">VHS</subfield>
    <subfield code="b">sonoro, col.</subfield>
    <subfield code="c">81 minuti</subfield>
  </datafield>
  <datafield tag="508" ind1=" " ind2=" ">
    <subfield code="a">"Fotografia: Figueroa Gabriel; Montaggio: Savaje Carlos; Musica: Lavista Raul; Sceneggiatura: Alcoriza Luis Bunuel Luis; Scenografia: Bracho Jesus; Soggetto: Alcoriza Luis -- Bunuel Luis"</subfield>
  </datafield>
  <datafield tag="511" ind1=" " ind2=" ">
    <subfield code="a">"Pinal Silva; Andere Jacqueline; Baviera Jose; Benedico Augusto; Beristain Luis"</subfield>
  </datafield>
  <datafield tag="520" ind1=" " ind2=" ">
    <subfield code="a">TRATTO DA UN SOGGETTO TEATRALE SCRITTO DA JOSE' BERGAMIN INTITOLATO LOS NAUFRAGOS E SCENEGGIATO OLTRE CHE DALLO STESSO BUNUEL ANCHE DA LUIS ALCORIZA L'ANGELO STERMINATORE E' UNO DEI FILM PIU' BELLI DIRETTI DAL GRANDE MAESTROSPAGNOLO DOPO UNA PRIMA TEATRALE UNA COMITIVA DELL'ALTA BORGHESIA VIENE INVITATA A CENA IN UNA VILLA DI AMICI SUL TARDI MENTRE ASCOLTANO UNA VALENTE PIANISTA SI ACCORGONO CHE LA SERVITU' SI E' INSPIEGABILMENTE ECLISSATA CERCANO DI USCIRE DALLA VILLA MA QUALCOSA LI TRATTIENE SONO PRIGIONIERI DI LOROSTESSI E IMPROVVISAMENTE SI RITROVANO QUASI FOSSE IL GIORNO DELL'APOCALISSE A PIANGERE SUL LORO DESTINO LA SITUAZIONE SI FA SEMPRE PIU' TESA FILM IN BIANCO E NERO. UNA COPIA DISTRIBUITA DALLA MULTIMEDIA SAN PAOLO.</subfield>
  </datafield>
  <datafield tag="538" ind1=" " ind2=" ">
    <subfield code="a">PAL, STEREO</subfield>
  </datafield>
  <datafield tag="546" ind1=" " ind2=" ">
    <subfield code="a">ITALIANO</subfield>
  </datafield>
  <datafield tag="650" ind1=" " ind2=" ">
    <subfield code="a">DRAMMATICO</subfield>
    <subfield code="e">FILMS [VHS]</subfield>
    <subfield code="x">Codice MATERIA SPICS: 9960</subfield>
    <subfield code="9">34083</subfield>
  </datafield>
  <datafield tag="700" ind1=" " ind2=" ">
    <subfield code="a">Alcoriza Luis </subfield>
    <subfield code="e">(soggetto)</subfield>
    <subfield code="g">Codice Soggetto SPICS: 32272</subfield>
    <subfield code="9">43642</subfield>
  </datafield>
  <datafield tag="700" ind1=" " ind2=" ">
    <subfield code="a">Bunuel Luis </subfield>
    <subfield code="e">(regista)</subfield>
    <subfield code="g">Codice regista SPICS: 8694</subfield>
    <subfield code="9">36748</subfield>
  </datafield>
  <datafield tag="700" ind1=" " ind2=" ">
    <subfield code="a">Bunuel Luis </subfield>
    <subfield code="e">(soggetto)</subfield>
    <subfield code="g">Codice Soggetto 2&#xB0; SPICS: 8694</subfield>
    <subfield code="9">43643</subfield>
  </datafield>
  <datafield tag="700" ind1=" " ind2=" ">
    <subfield code="a">Lavista Raul</subfield>
    <subfield code="e">(musica)</subfield>
    <subfield code="g">Codice Musica SPICS: 28814</subfield>
    <subfield code="9">43644</subfield>
  </datafield>
  <datafield tag="942" ind1=" " ind2=" ">
    <subfield code="c">VH</subfield>
    <subfield code="2">ddc</subfield>
  </datafield>
  <datafield tag="999" ind1=" " ind2=" ">
    <subfield code="c">105836</subfield>
    <subfield code="d">105836</subfield>
  </datafield>
  <datafield tag="952" ind1=" " ind2=" ">
    <subfield code="0">0</subfield>
    <subfield code="1">0</subfield>
    <subfield code="4">0</subfield>
    <subfield code="6">48282_000000000000000</subfield>
    <subfield code="7">1</subfield>
    <subfield code="a">SPICS</subfield>
    <subfield code="b">SPICS</subfield>
    <subfield code="d">2015-01-31</subfield>
    <subfield code="l">0</subfield>
    <subfield code="o">48282</subfield>
    <subfield code="r">2015-01-31 00:00:00</subfield>
    <subfield code="w">2015-01-31</subfield>
    <subfield code="y">VH</subfield>
    <subfield code="z">Progr. Ins.: 2083 / N.Vol.:1 / Copie: 2 / Pag.:0 / Copia rara: n.d. / date import: 1.2.2015 / By Epidotti, Trombetti, Vaglietti</subfield>
  </datafield>
</record>
